00665nam a22002057a 450000500170000000800410001702000180005804000210007604100080009708200130010510000270011824501180014525000120026326000330027530000100030865000430031865000430036170000230040470000320042720230825122217.0230825b ||||| |||| 00| 0 eng d a9789387956568 aIN-DiNCcIN-DiNC deng a370bDEK aDeka, Nabanitaeauthor aIntroduction to higher secondary education (for second year)/cby Nabanita Deka, Phunu Das and Parthana Bhagabati a2nd ed. aDibrugarh:bBanalata,c2022. a314p. aSecondary education in India and Assam aHigher secondary second year education aDas, Phunueauthor aBhagabati, Parthanaeauthor